000 00515nam a2200157 i 4500
001 68975
003 ES-MaACL
005 20230906170414.0
007 t|
008 040823s1946 sp ||||1| spa d
110 2 _aInstituto de Enseñanza Media Cardenal Cisneros (Madrid)
_94869
245 1 0 _aI Centenario (1845-1945) /
_cInstituto de Enseñanza Media Cardenal Cisneros.
260 _aMadrid :
_b[s.n.],
_c1946 (
_fDiana Artes Gráficas)
300 _a146 p., 1 h., 17 lám. ;
_c22 cm.
852 _aES-MaACL
_jC-4072
999 _c68975
_d68975